UM Logo

Reducing discrimination : (Record no. 20857)

MARC details
000 -LEADER
fixed length control field 00725nam a22001697a 4500
005 - DATE AND TIME OF LATEST TRANSACTION
control field 20250205204417.0
008 - FIXED-LENGTH DATA ELEMENTS--GENERAL INFORMATION
fixed length control field 240827b ||||| |||| 00| 0 eng d
082 ## - DEWEY DECIMAL CLASSIFICATION NUMBER
Classification number DPer 155.205 J826 July-September 2019 v. 117 n. 1-3
100 ## - MAIN ENTRY--PERSONAL NAME
Personal name Axt, Jordan R.
Relator term author.
9 (RLIN) 58913
245 ## - TITLE STATEMENT
Title Reducing discrimination :
Remainder of title a bias versus noise perspective /
Statement of responsibility, etc. Jordan R. Axt, and Calvin K. Lai.
260 ## - PUBLICATION, DISTRIBUTION, ETC. (IMPRINT)
Place of publication, distribution, etc. Washington ;
Name of publisher, distributor, etc. American Psychological Association,
Date of publication, distribution, etc. July 2019.
300 ## - PHYSICAL DESCRIPTION
Extent Volume 117, pages 2-49,
Other physical details illustration.
500 ## - GENERAL NOTE
General note Journal of Personality and Social Psychology vol. 117, no. 1, pages 26-49, July 2019.
700 ## - ADDED ENTRY--PERSONAL NAME
Personal name Axt, Jordan R.
Relator term author.
9 (RLIN) 58913
700 ## - ADDED ENTRY--PERSONAL NAME
Personal name Lai, Calvin K.
Relator term author.
9 (RLIN) 58914
942 ## - ADDED ENTRY ELEMENTS (KOHA)
Source of classification or shelving scheme Dewey Decimal Classification
Koha item type Periodicals
Holdings
Withdrawn status Lost status Source of classification or shelving scheme Damaged status Not for loan Collection code Home library Current library Date acquired Total Checkouts Date last seen Price effective from Koha item type Public note
    Dewey Decimal Classification     Periodicals UM Digos College - LIC UM Digos College - LIC 08/27/2024   08/27/2024 08/27/2024 Periodicals Periodical Article